00927cam a2200289 a 4500003001000000005001700010007000300027008004100030020001500071040001200086041000800098082002800106100002600134245008800160250001200248300003400260336002700294337003300321338002800354504002800382650004100410650003700451650002600488650004300514650004800557700003200605CO-BoRNBP20241003105628.0ta011102s2001 ck a r 00010 spa d a9583322911 ala cla0 aspa04a370.152 bL67c 220 ed.1 aLosada Ortiz, Alvaro.10aCompetencias básicas aplicadas al aula / cAlvaro Losada Ortiz, Heladio Moreno M. a2a. ed. a143 p. : bdiagrs. ; c21 cm. 2rdacontentatextobtxt 2rdamediaasin mediaciónbn 2rdacarrieravolumenbnc aIncluye bibliografía. 7aCompetencia en educación.2BLAAUTO 7aCognición en niños.2BLAAUTO 7aCognición.2BLAAUTO 7aPsicología del aprendizaje.2BLAAUTO 7aPensamiento creativo (Educación)2BLAAUTO1 aMoreno M., Heladio, d1950-